Movies Quiz

Random Movies or Actress Quiz
Score 0/100 Timer 08:00
4 Plays Today
First/Last Name Character, Actor or Actress % Correct
RadcliffeDaniel Radcliffe Harry Potter
98.4%
HarryDaniel Radcliffe Harry Potter
98.4%
PotterDaniel Radcliffe Harry Potter
98.4%
DanielDaniel Radcliffe Harry Potter
98.4%
WatsonEmma Watson Hermione Granger
97.6%
GrangerEmma Watson Hermione Granger
97.6%
HermioneEmma Watson Hermione Granger
97.6%
EmmaEmma Watson Hermione Granger
97.6%
AlanAlan Rickman Severus Snape
94.8%
RickmanAlan Rickman Severus Snape
94.8%
SnapeAlan Rickman Severus Snape
94.8%
SeverusAlan Rickman Severus Snape
94.8%
GrintRupert Grint Ron Weasley
94.4%
WeasleyRupert Grint Ron Weasley
94.4%
RupertRupert Grint Ron Weasley
94.4%
RonRupert Grint Ron Weasley
94.4%
RobertRobert Pattinson Cedric Diggory
83.2%
PattinsonRobert Pattinson Cedric Diggory
83.2%
CedricRobert Pattinson Cedric Diggory
83.2%
DiggoryRobert Pattinson Cedric Diggory
83.2%
TomTom Felton Draco Malfoy
83.1%
FeltonTom Felton Draco Malfoy
83.1%
DracoTom Felton Draco Malfoy
83.1%
MalfoyTom Felton Draco Malfoy
83.1%
McGonagallMaggie Smith Minerva McGonagall
82.8%
MinervaMaggie Smith Minerva McGonagall
82.8%
MaggieMaggie Smith Minerva McGonagall
82.8%
SmithMaggie Smith Minerva McGonagall
82.8%
OldmanGary Oldman Sirius Black
82.6%
BlackGary Oldman Sirius Black
82.6%
GaryGary Oldman Sirius Black
82.6%
SiriusGary Oldman Sirius Black
82.6%
ColtraneRobbie Coltrane Rubeus Hagrid
76.5%
RobbieRobbie Coltrane Rubeus Hagrid
76.5%
First/Last Name Character, Actor or Actress % Correct
HagridRobbie Coltrane Rubeus Hagrid
76.5%
RubeusRobbie Coltrane Rubeus Hagrid
75.6%
ThompsonEmma Thompson Sybill Trelawney
70.7%
SybillEmma Thompson Sybill Trelawney
70.7%
TrelawneyEmma Thompson Sybill Trelawney
70.7%
EmmaEmma Thompson Sybill Trelawney
70.7%
LeungKatie Leung Cho Chang
66%
ChangKatie Leung Cho Chang
66%
ChoKatie Leung Cho Chang
66%
KatieKatie Leung Cho Chang
66%
AlbusRichard Harris Albus Dumbledore
64.6%
HarrisRichard Harris Albus Dumbledore
64.6%
DumbledoreRichard Harris Albus Dumbledore
64.6%
RichardRichard Harris Albus Dumbledore
64.6%
KennethKenneth Branagh Gilderoy Lockhart
64.2%
BranaghKenneth Branagh Gilderoy Lockhart
64.2%
LockhartKenneth Branagh Gilderoy Lockhart
64.2%
GilderoyKenneth Branagh Gilderoy Lockhart
64.2%
WarwickWarwick Davis Filius Flitwick
59.8%
DavisWarwick Davis Filius Flitwick
59.8%
FiliusWarwick Davis Filius Flitwick
59.8%
FlitwickWarwick Davis Filius Flitwick
59.8%
IsaacsJason Isaacs Lucius Malfoy
58.5%
LuciusJason Isaacs Lucius Malfoy
58.5%
MalfoyJason Isaacs Lucius Malfoy
58.5%
JasonJason Isaacs Lucius Malfoy
58.5%
WaltersJulie Walters Molly Weasley
56.5%
WeasleyJulie Walters Molly Weasley
56.5%
MollyJulie Walters Molly Weasley
56.5%
JulieJulie Walters Molly Weasley
56.5%
TennantDavid Tennant Barty Crouch
56.4%
BartyDavid Tennant Barty Crouch
56.4%
CrouchDavid Tennant Barty Crouch
56.4%
DavidDavid Tennant Barty Crouch
56.4%
First/Last Name Character, Actor or Actress % Correct
GeorgeOliver Phelps George Weasley
53.9%
PhelpsOliver Phelps George Weasley
53.9%
WeasleyOliver Phelps George Weasley
53.9%
OliverOliver Phelps George Weasley
53.9%
ImeldaImelda Staunton Dolores Umbridge
53.3%
StauntonImelda Staunton Dolores Umbridge
53.3%
DoloresImelda Staunton Dolores Umbridge
53.3%
UmbridgeImelda Staunton Dolores Umbridge
53.3%
MoodyBrendan Gleeson Alastor Moody
51%
BrendanBrendan Gleeson Alastor Moody
51%
GleesonBrendan Gleeson Alastor Moody
51%
AlastorBrendan Gleeson Alastor Moody
51%
LupinDavid Thewlis Remus Lupin
50.8%
DavidDavid Thewlis Remus Lupin
50.8%
ThewlisDavid Thewlis Remus Lupin
50.8%
RemusDavid Thewlis Remus Lupin
50.8%
PetuniaFiona Shaw Petunia Dursley
45.4%
FionaFiona Shaw Petunia Dursley
45.4%
ShawFiona Shaw Petunia Dursley
45.4%
DursleyFiona Shaw Petunia Dursley
45.4%
MirandaMiranda Richardson Rita Skeeter
44.3%
RichardsonMiranda Richardson Rita Skeeter
44.3%
SkeeterMiranda Richardson Rita Skeeter
44.3%
RitaMiranda Richardson Rita Skeeter
44.3%
RichardRichard Griffiths Vernon Dursley
43.6%
GriffithsRichard Griffiths Vernon Dursley
43.6%
VernonRichard Griffiths Vernon Dursley
43.6%
DursleyRichard Griffiths Vernon Dursley
43.6%
WaylettJamie Waylett Vincent Crabbe
32.9%
CrabbeJamie Waylett Vincent Crabbe
32.9%
VincentJamie Waylett Vincent Crabbe
32.9%
JamieJamie Waylett Vincent Crabbe
32.9%
Remove Ads.
Support Sporcle.
Get the best of Sporcle when you Go Orange. This ad-free experience offers more features, more stats, and more fun while also helping to support Sporcle. Thank you for becoming a member.

You're not logged in!

Compare scores with friends on all Sporcle quizzes.
OR
Log In

Sporcle TV

Today on Sporcle TV


Watch our educational content, quiz creation guides, and fun videos on Sporcle TV.

Show Comments

Extras

Top Quizzes Today


Score Distribution

Paid Content

Your Account Isn't Verified!

In order to create a playlist on Sporcle, you need to verify the email address you used during registration. Go to your Sporcle Settings to finish the process.

Report this User

Report this user for behavior that violates our Community Guidelines.

Details: